000 01176nam a2200241Ia 4500
999 _c49292
_d49292
001 16208
003 GE_BSU
005 20230928153132.0
008 181216s2010ge xx |||||||||||||| ||geo||
020 _aISBN 9789941423093
040 _cGE_BSU
041 _ageo
080 _a616-053.2(075.8)
100 _aმანჯავიძე, ნინო
_911381
245 _aპედიატრია :
_bტ.1 : სახ–ლო უმაღლ.სამედიც.სასწ.სტუდენტებისათვის /
_cნინო მანჯავიძე, გიული მეგრელიშვილი, შემდგ. ქეთევან გოგბერაშვილი
264 _aთბილისი
_bშპს ,,თობალისი",
_c2010.
300 _a528 გვ .:
_bცხრ.ილ. +2 ჩართ.ფ.ილ.
_c23 სმ.
653 _aმედიცინა
653 _aპედიატრია
700 _aმეგრელიშვილი,გიული
_919946
700 _aგოგბერაშვილი, ქეთევან
_eშემდგენელი
_919947
942 _cBK
_2udc